00406 2200145 4500001002300000005001700023006001900040008004100059035002600100084001800126100002200144245003000166260004400196990002000240NBPULOT00000000000241620140312103349.0a ||| | 171130| ||| |  a 0010-031400000000357 a 405 ARI K. 20 a E. ZAENAL ARIFIN00a 1001 KESALAHAN BERBAHASA a JAKARTA b AKADEMIKA PRESSINDO c 2009 a 8880/APBN/2009